Die Normbildungstheorie eine völkerrechtsphilosophische, völkerrechtssoziologische und völkerrechtstheoretische Studie /

Elmentve itt :
Bibliográfiai részletek
Szerző: Terz Panos
Dokumentumtípus: Cikk
Megjelent: Szegedi Tudományegyetem Állam- és Jogtudományi Kara Szeged 1985
Sorozat:Acta Universitatis Szegediensis : acta juridica et politica 34 No. 9
Kulcsszavak:Nemzetközi jog
Tárgyszavak:
Online Access:http://acta.bibl.u-szeged.hu/6574
LEADER 00848nab a2200205 i 4500
001 acta6574
005 20220929141859.0
008 161015s1985 hu o 0|| ger d
022 |a 0324-6523 
040 |a SZTE Egyetemi Kiadványok Repozitórium  |b hun 
041 |a ger 
100 1 |a Terz Panos 
245 1 4 |a Die Normbildungstheorie   |h [elektronikus dokumentum] :  |b eine völkerrechtsphilosophische, völkerrechtssoziologische und völkerrechtstheoretische Studie /  |c  Terz Panos 
260 |a Szegedi Tudományegyetem Állam- és Jogtudományi Kara  |b Szeged  |c 1985 
300 |a 1-50 
490 0 |a Acta Universitatis Szegediensis : acta juridica et politica  |v 34 No. 9 
650 4 |a Társadalomtudományok 
650 4 |a Jogtudomány 
695 |a Nemzetközi jog 
856 4 0 |u http://acta.bibl.u-szeged.hu/6574/1/juridpol_034_fasc_009_001-050.pdf  |z Dokumentum-elérés